Derecho de difusin̤ de mensajes y libertad religiosa

Bibliographic Details
Main Author: Moreno Mozos, Mara̕ del Mar
Format: eBook
Language:Spanish
Published: Madrid: Dykinson, 2018
Subjects:
Online Access:Acceso restringido

MARC

LEADER 00000nam a22000007a 4500
005 20180927234245.0
007 cr|||| ||||
008 180927s2018 es |||||s|||| 00||0 spa d
020 |a 978-84-9148-625-1 
035 |a 21976 
040 |a vLex 
090 |c 8138  |d 8138 
100 1 |a Moreno Mozos, Mara̕ del Mar 
245 1 0 |a Derecho de difusin̤ de mensajes y libertad religiosa  |h [Recurso electrn̤ico] /  |c Mara̕ del Mar Moreno Mozos, Jos ̌Mara̕ Mart ̕Sǹchez 
256 |a Servicio en ln̕ea 
260 |a Madrid:  |b Dykinson,  |c 2018 
300 |a 1 recurso electrn̤ico 
500 |a Este volumen se dirige a un pb︢lico amplio, con preocupacin̤ jurd̕ica. Quiere contribuir a perfilar mejor un debate que se estima capital cuando los credos religiosos, tan unidos a las identidades y decisiones vitales, se encuentran en efervescencia, por ser hostigados, marginados, o rebrotar con especial virulencia. Bajo la pugna entre libertad de expresin̤ y libertad religiosa, bulle una confrontacin̤ inquietante ideolg̤ico-moral. El Derecho est ̀llamado a desactivar el conflicto, como ocurri ̤en el siglo XVI, trazando cauces de entendimiento. Su misin̤ es propiciar una convivencia digna del hombre en que sea posible la consecucin̤ de sus ms̀ nobles objetivos, personales y comunitarios. La Ciencia Jurd̕ica contempla, ordena y pondera las relaciones sociales, y, a partir de sus causas y circunstancias, arbitrar la mejor composicin̤. El libro Derecho de difusin̤ de mensajes y libertad religiosa concurre a su esfuerzo y estudia la experiencia del Derecho penal (histr̤ico y actual), as ̕como las propuestas de los organismos supranacionales. Sus autores enjuician crt̕icamente las respuestas ofrecidas, por el Derecho vigente, a los problemas candentes del discurso de odio, la imposicin̤ de un relato convencional de las cosas, la difamacin̤ o el ataque a los sentimientos religiosos. En fin, aspectos cruciales del momento presente. 
506 1 |a Disponible solo en los productos indicados  |d vLex Global  |d vLex Global (Academic Edition, excluding Law Schools)  |d vLex Global (U.S. Academic Edition, Law Schools)  |d vLex Global (U.S. Academic Edition, excluding Law Schools)  |d vLex Global (Academic Edition, Law Schools) 
650 0 4 |a Derecho Penal  |z Espaą 
650 0 4 |a Derecho Constitucional  |z Espaą 
700 1 |4 Mart ̕Sǹchez, Jos ̌Mara̕ 
740 0 |a vLex Libros (Servicio en ln̕ea) 
856 4 0 |u http://vlex.com/source/derecho-de-difusion-de-mensajes-y-libertad-religiosa-21976  |z Acceso restringido 
942 |c BOOK 
999 0 |a Criminal Law 
999 0 |a Constitutional Law